| 000 | 00545cam a2200205ua 4500 | ||
|---|---|---|---|
| 001 | 10499 | ||
| 005 | 20260515114630.0 | ||
| 008 | 190312n ii |||gr||||Z||||||asm | ||
| 020 | _a9789381485026 | ||
| 040 | _cMAIN | ||
| 041 | _aasm | ||
| 082 | _a491.45103 | ||
| 100 |
_aImran Hussain, _eAuthor. |
||
| 245 |
_aAdhunik aru uttar adhunik paribhasakosh _bsahityatattwa, lokasanskritibidya, bhasa bigyan |
||
| 250 | _a1st ed. | ||
| 260 |
_aGuwahati: _bJyoti prakashan, _c2011. |
||
| 300 | _a320p. | ||
| 653 | _aAssamese dictionary | ||
| 942 | _cBK | ||
| 999 |
_c9473 _d9473 |
||